[Event "FRA-chT2 0304a"]
[Site "France"]
[Date "2003.11.15"]
[Round "2.7"]
[White "Constantin, David"]
[Black "Thiriet, Benoit"]
[Result "1/2-1/2"]
[WhiteElo "2106"]
[BlackElo "2156"]
[PlyCount "127"]
[EventDate "2003.10.??"]
[EventType "team"]
[EventRounds "11"]
[EventCountry "FRA"]
[SourceTitle "EXT 2005"]
[Source "ChessBase"]
[SourceDate "2004.11.15"]
[SourceVersion "1"]
[SourceVersionDate "2004.11.15"]
[SourceQuality "1"]
[WhiteTeam "Toulouse"]
[BlackTeam "Lyon Olympique"]
[WhiteTeamCountry "FRA"]
[BlackTeamCountry "FRA"]

1. e4 d5 2. exd5 Qxd5 3. Nc3 Qd6 4. d4 Nf6 5. Bc4 Nc6 6. Nge2 Bf5 7. d5 Nb4 8. Nd4 Bg6 9. Bb5+ Nd7 10. 0-0 a6 11. Be2 Nxd5 12. Nxd5 Qxd5 13. c4 Qd6 14. Be3 e5 15. Nb3 Qxd1 16. Rfxd1 Be7 17. Rac1 Nf6 18. Na5 0-0 19. c5 Be4 20. Bg5 Rad8 21. f3 Rxd1+ 22. Bxd1 Bd5 23. b3 Rd8 24. Be2 h6 25. Bh4 g5 26. Bg3 Nd7 27. c6 Bc5+ 28. Kf1 bxc6 29. Nb7 Ba3 30. Nxd8 Bxc1 31. Bxa6 f6 32. Bb7 Nb8 33. Bf2 Kf8 34. Ba7 Ke8 35. Bxb8 Kxd8 36. Ba7 Ba3 37. Be3 Kd7 38. Ke2 f5 39. h3 f4 40. Bd2 e4 41. Ba6 exf3+ 42. gxf3 Be6 43. h4 Bd6 44. hxg5 hxg5 45. Bc4 Bh3 46. b4 Be5 47. Be1 g4 48. fxg4 Bxg4+ 49. Kd3 Bf5+ 50. Ke2 Bg4+ 51. Kf1 Bd1 52. Be2 Ba4 53. Kf2 Ke6 54. Kf3 Kd5 55. Bd2 Kd4 56. Be1 Bd6 57. Bd2 Bc2 58. Be1 c5 59. Bf2+ Kd5 60. bxc5 Bxc5 61. Bxc5 Kxc5 62. Kxf4 Kb4 63. Ke3 Bb1 64. Kd2 1/2-1/2

[Event "Villeurbanne 2nd"]
[Site "Villeurbanne"]
[Date "2003.09.19"]
[Round "9"]
[White "Thiriet, Benoit"]
[Black "Carlhammar, Magnus"]
[Result "1/2-1/2"]
[WhiteElo "2173"]
[BlackElo "2279"]
[PlyCount "124"]
[EventDate "2003.09.12"]
[EventType "tourn"]
[EventRounds "10"]
[EventCountry "FRA"]
[EventCategory "4"]
[SourceTitle "CBM 096 Extra"]
[Source "ChessBase"]
[SourceDate "2003.10.22"]
[SourceVersion "2"]
[SourceVersionDate "2003.10.20"]
[SourceQuality "1"]

1. d4 Nf6 2. Bg5 c5 3. Bxf6 gxf6 4. d5 Qb6 5. Qc1 f5 6. g3 Bg7 7. c3 d6 8. Bh3 Na6 9. Nd2 Nc7 10. Nc4 Qa6 11. Ne3 e6 12. Qd2 b5 13. Nf3 Bh6 14. dxe6 fxe6 15. 0-0 0-0 16. Qd3 Bb7 17. Nd2 Qb6 18. c4 d5 19. cxd5 Rad8 20. Nf3 Nxd5 21. Nxd5 Bxd5 22. Qc2 Be4 23. Qc3 Bg7 24. Qc1 h6 25. Bg2 c4 26. Nh4 Bxg2 27. Nxg2 Qd4 28. Rb1 Qd2 29. Nf4 Kf7 30. b3 Qxc1 31. Rfxc1 c3 32. Rc2 Rd7 33. Nd3 Rc8 34. f4 Rd4 35. b4 Rdc4 36. Rb3 R8c6 37. Ra3 a6 38. Kf1 Ke7 39. Rb3 Kd6 40. Rb1 Bd4 41. Rd1 Kc7 42. Kg2 a5 43. a3 axb4 44. axb4 Ra6 45. Kf3 Ra4 46. Rb1 Ra3 47. g4 fxg4+ 48. Kxg4 e5 49. Kf5 exf4 50. Nxf4 Kc6 51. e4 Ra7 52. Nd5 Rg7 53. Rbc1 Rg5+ 54. Kf4 Be5+ 55. Kf3 Rh5 56. Kg4 Rxh2 57. Rxh2 Bxh2 58. Rxc3 Be5 59. Re3 Bd6 60. Kf5 Bxb4 61. Nxb4+ Rxb4 62. Rh3 Rb1 1/2-1/2

[Event "Villeurbanne 2nd"]
[Site "Villeurbanne"]
[Date "2003.09.12"]
[Round "1"]
[White "Roussel Roozmon, Thomas"]
[Black "Thiriet, Benoit"]
[Result "1-0"]
[WhiteElo "2249"]
[BlackElo "2173"]
[PlyCount "41"]
[EventDate "2003.09.12"]
[EventType "tourn"]
[EventRounds "10"]
[EventCountry "FRA"]
[EventCategory "4"]
[SourceTitle "CBM 096 Extra"]
[Source "ChessBase"]
[SourceDate "2003.10.22"]
[SourceVersion "2"]
[SourceVersionDate "2003.10.20"]
[SourceQuality "1"]

1. d4 d5 2. Nf3 e6 3. c4 c6 4. Nc3 f5 5. Bf4 Nf6 6. e3 Be7 7. Bd3 0-0 8. Qc2 Qe8 9. h3 dxc4 10. Bxc4 b5 11. Bd3 b4 12. Na4 Nd5 13. Bh2 Nb6 14. Nc5 a5 15. Rc1 Nd5 16. Ke2 Na6 17. Nxa6 Bxa6 18. Ne5 Bb7 19. g4 Rc8 20. Qa4 f4 21. Rhf1 1-0

[Event "FRA-ch Accession"]
[Site "Aix les Bains"]
[Date "2003.08.19"]
[Round "5"]
[White "Simon, Olivier"]
[Black "Thiriet, Benoit"]
[Result "1/2-1/2"]
[WhiteElo "2315"]
[BlackElo "2173"]
[PlyCount "94"]
[EventDate "2003.08.19"]
[EventType "swiss"]
[EventRounds "11"]
[EventCountry "FRA"]
[SourceTitle "EXT 2004"]
[Source "ChessBase"]
[SourceDate "2003.11.25"]
[SourceVersion "1"]
[SourceVersionDate "2003.11.25"]
[SourceQuality "1"]

1. e4 d5 2. exd5 Qxd5 3. Nc3 Qd6 4. d4 Nf6 5. Nf3 Nc6 6. Nb5 Qd8 7. c4 Bg4 8. d5 Bxf3 9. gxf3 Ne5 10. Bf4 a6 11. Bxe5 axb5 12. Qb3 Qd7 13. Rd1 0-0-0 14. Be2 bxc4 15. Qxc4 Kb8 16. Rd3 Ne8 17. 0-0 h5 18. b4 Rh6 19. Kh1 Nd6 20. Qc2 Rg6 21. a4 Qh3 22. Rg1 Rxg1+ 23. Kxg1 f6 24. Bg3 g5 25. Bf1 Qd7 26. Rc3 Bg7 27. Bb5 Qc8 28. Qg6 Bh8 29. Rc1 h4 30. Bxd6 Rxd6 31. Bc4 Qf8 32. a5 Bg7 33. Qc2 f5 34. Bd3 Qd8 35. Bc4 Qd7 36. b5 g4 37. Kh1 Be5 38. Bd3 Rf6 39. Qb3 g3 40. Rc6 Bd6 41. b6 cxb6 42. Rxb6 Qc7 43. Bc4 Bc5 44. Rxf6 exf6 45. fxg3 hxg3 46. a6 b6 47. Qa4 Qh7 1/2-1/2

[Event "FRA-ch op-A"]
[Site "Marseille"]
[Date "2001.08.23"]
[Round "9"]
[White "Thiriet, Benoit"]
[Black "Borzakian, Manouk"]
[Result "0-1"]
[WhiteElo "2153"]
[BlackElo "2143"]
[PlyCount "70"]
[EventDate "2001.08.13"]
[EventType "swiss"]
[EventRounds "11"]
[EventCountry "FRA"]
[SourceTitle "EXT 2002"]
[Source "ChessBase"]
[SourceDate "2001.11.25"]
[SourceVersion "1"]
[SourceVersionDate "2001.11.25"]
[SourceQuality "1"]

1. d4 g6 2. Nf3 Bg7 3. g3 d6 4. Bg2 Nf6 5. 0-0 0-0 6. Re1 Nbd7 7. e4 e5 8. h3 exd4 9. Nxd4 Re8 10. c4 Nc5 11. Nc3 a5 12. Rb1 Nfd7 13. Be3 c6 14. f4 a4 15. Qc2 Qa5 16. g4 Na6 17. Rbd1 a3 18. b3 Nb4 19. Qe2 Nc5 20. Rd2 Bd7 21. Qf2 Nbd3 22. Rxd3 Nxd3 23. Qd2 Nxe1 24. Qxe1 d5 25. cxd5 cxd5 26. e5 Rac8 27. Bd2 Qc5 28. Nce2 f6 29. Bb4 Qb6 30. Bxd5+ Kh8 31. Kh1 fxe5 32. Nf3 Bc6 33. Bxc6 Qxc6 34. Qf2 exf4 35. Kg2 Qb5 0-1

[Event "FRA-ch op-A"]
[Site "Marseille"]
[Date "2001.08.21"]
[Round "7"]
[White "Kessler, Martin"]
[Black "Thiriet, Benoit"]
[Result "0-1"]
[WhiteElo "2062"]
[BlackElo "2153"]
[PlyCount "84"]
[EventDate "2001.08.13"]
[EventType "swiss"]
[EventRounds "11"]
[EventCountry "FRA"]
[SourceTitle "EXT 2002"]
[Source "ChessBase"]
[SourceDate "2001.11.25"]
[SourceVersion "1"]
[SourceVersionDate "2001.11.25"]
[SourceQuality "1"]

1. e4 d5 2. exd5 Qxd5 3. Nc3 Qa5 4. d4 c6 5. Bd3 Bf5 6. Nf3 e6 7. 0-0 Nf6 8. Re1 Nbd7 9. Bf4 Be7 10. Ne5 Bxd3 11. Qxd3 Nxe5 12. Bxe5 0-0-0 13. a3 Ng4 14. Qf3 Nf6 15. b4 Qb6 16. Na4 Qa6 17. Qb3 Bd6 18. c4 Bxe5 19. dxe5 Nd7 20. Re4 b6 21. Rd1 Qb7 22. Nc3 Qc7 23. f4 g5 24. b5 Nc5 25. Qb1 Rxd1+ 26. Qxd1 Nxe4 27. Nxe4 gxf4 28. Nd6+ Kb8 29. h3 Rd8 30. Qa4 c5 31. Qc2 f6 32. Qe2 fxe5 33. Ne4 Qd7 34. Nf2 Qd4 35. Kh2 Qe3 36. Qc2 Qg3+ 37. Kh1 f3 38. gxf3 Qxf3+ 39. Kg1 Rf8 40. Qd2 Qg3+ 41. Kh1 Qf3+ 42. Kg1 Kc7 0-1

[Event "FRA-chT2S 9798"]
[Site "France"]
[Date "1998.??.??"]
[Round "11"]
[White "Friot, Emmanuel"]
[Black "Thiriet, Benoit"]
[Result "1-0"]
[WhiteElo "2160"]
[BlackElo "2160"]
[PlyCount "85"]
[EventDate "1997.??.??"]
[EventType "team"]
[EventRounds "9"]
[EventCountry "FRA"]
[SourceTitle "EXT 2003"]
[Source "ChessBase"]
[SourceDate "2002.11.25"]
[SourceVersion "1"]
[SourceVersionDate "2002.11.25"]
[SourceQuality "1"]

1. e4 d5 2. exd5 Qxd5 3. Nc3 Qa5 4. d4 c6 5. Bc4 Bf5 6. Nf3 e6 7. 0-0 Nf6 8. Qe2 Be7 9. Bd2 Qd8 10. Bb3 Nbd7 11. Rad1 Nb6 12. Rfe1 a5 13. a4 0-0 14. Ne5 Rc8 15. g4 Bg6 16. h4 Qxd4 17. Nxg6 hxg6 18. Be3 Qxg4+ 19. Qxg4 Nxg4 20. Bxb6 Nf6 21. Bxa5 Nd5 22. Nxd5 cxd5 23. Kg2 Bxh4 24. Rh1 Bf6 25. c3 g5 26. Bb6 Rc6 27. a5 Be5 28. Rh5 f6 29. Bd4 Bc7 30. Ba4 Ra6 31. b4 Kf7 32. Bb5 Raa8 33. Bc5 Rfd8 34. Rhh1 g4 35. c4 f5 36. cxd5 exd5 37. Rd3 f4 38. Rhd1 Ke6 39. Re1+ Kf5 40. Re7 f3+ 41. Kf1 Bxa5 42. Bd7+ Kf6 43. Bxg4 1-0

[Event "FRA-chT2S"]
[Site "France"]
[Date "1997.??.??"]
[Round "4"]
[White "Thiriet, Benoit"]
[Black "Baillon, Olivier"]
[Result "0-1"]
[WhiteElo "2160"]
[BlackElo "2140"]
[PlyCount "68"]
[EventDate "1997.??.??"]
[EventType "team"]
[EventRounds "9"]
[EventCountry "FRA"]
[SourceTitle "EXT 2007"]
[Source "ChessBase"]
[SourceDate "2006.11.23"]
[SourceVersion "1"]
[SourceVersionDate "2006.11.23"]
[SourceQuality "1"]
[WhiteTeam "Oyonnax"]
[BlackTeam "Clermont Ferrand"]
[WhiteTeamCountry "FRA"]
[BlackTeamCountry "FRA"]

1. d4 Nf6 2. Bg5 c5 3. d5 Qb6 4. Nc3 Qxb2 5. Bd2 Qb6 6. e4 d6 7. f4 Nbd7 8. Nf3 Qc7 9. Rb1 g6 10. Qe2 Nb6 11. a4 Bg4 12. a5 Nbd7 13. Nb5 Qb8 14. h3 Bxf3 15. Qxf3 Bg7 16. Bd3 0-0 17. 0-0 Ne8 18. Bc3 Bxc3 19. Nxc3 Qc7 20. Bb5 Nef6 21. g4 a6 22. Ba4 Rab8 23. g5 Nh5 24. Bxd7 Qxd7 25. Rb6 Qc7 26. Rfb1 f5 27. e5 dxe5 28. d6 exd6 29. fxe5 dxe5 30. Qd5+ Rf7 31. Na4 Nf4 32. Qxc5 Nxh3+ 33. Kh2 Nxg5 34. Qd5 Qxc2+ 0-1

[Event "Cannes Martinez op"]
[Site "Cannes"]
[Date "1996.??.??"]
[Round "2"]
[White "Bernard, Christophe"]
[Black "Thiriet, Benoit"]
[Result "0-1"]
[WhiteElo "2370"]
[BlackElo "2200"]
[PlyCount "80"]
[EventDate "1996.08.??"]
[EventType "swiss"]
[EventRounds "9"]
[EventCountry "FRA"]
[SourceTitle "EXT 1998"]
[Source "ChessBase"]
[SourceDate "1997.11.17"]
[SourceVersion "1"]
[SourceVersionDate "1997.11.17"]
[SourceQuality "1"]

1. d4 Nf6 2. Nf3 c5 3. d5 d6 4. Nc3 g6 5. e4 Bg7 6. Bb5+ Nbd7 7. a4 0-0 8. 0-0 a6 9. Be2 Rb8 10. Re1 Ne8 11. Bf1 Nc7 12. a5 b5 13. axb6 Rxb6 14. h3 Nf6 15. Na4 Rb4 16. c4 Bd7 17. Nc3 a5 18. e5 Nfe8 19. Ra2 Na6 20. e6 fxe6 21. dxe6 Bc6 22. Nd5 Rb7 23. Ng5 Nb4 24. Ra3 Bxd5 25. cxd5 Nf6 26. Bc4 Qa8 27. Nf7 Rb6 28. h4 Nbxd5 29. h5 Rb4 30. Bxd5 Qxd5 31. hxg6 hxg6 32. Rxa5 Rd4 33. Qc2 Qh5 34. f3 Rh4 35. Ra4 Nd5 36. Ree4 Rh1+ 37. Kf2 Qh2 38. Rg4 Qg1+ 39. Ke2 Qe1+ 40. Kd3 Qxc1 0-1

[Event "FRA-ch Accession"]
[Site "Chambery"]
[Date "1994.??.??"]
[Round "10"]
[White "Vaisman, Volodia"]
[Black "Thiriet, Benoit"]
[Result "1-0"]
[WhiteElo "2395"]
[BlackElo "2205"]
[PlyCount "57"]
[EventDate "1994.??.??"]
[EventType "swiss"]
[EventRounds "11"]
[EventCountry "FRA"]
[SourceTitle "EXT 2004"]
[Source "ChessBase"]
[SourceDate "2003.11.25"]
[SourceVersion "1"]
[SourceVersionDate "2003.11.25"]
[SourceQuality "1"]

1. d4 Nf6 2. Nf3 g6 3. Nc3 d5 4. Bf4 c6 5. e3 Bg7 6. Be2 0-0 7. Ne5 Nbd7 8. h4 Qa5 9. Qd2 h5 10. f3 Nb6 11. a3 c5 12. 0-0 cxd4 13. exd4 Nbd7 14. Rfe1 a6 15. Bf1 Qd8 16. Rad1 Nb6 17. Bd3 Qe8 18. b3 Bd7 19. a4 Rc8 20. Ne2 Bc6 21. Ng3 Nfd7 22. Bh6 f5 23. Bxg7 Kxg7 24. Qg5 e6 25. Nxh5+ Kh7 26. Nf4 Nxe5 27. Rxe5 Bd7 28. Kf2 Rh8 29. h5 1-0

[Event "FRA-ch Accession"]
[Site "Montpellier"]
[Date "1991.??.??"]
[Round "6"]
[White "Mercier, Jean Pierre"]
[Black "Thiriet, Benoit"]
[Result "1-0"]
[WhiteElo "2225"]
[BlackElo "2080"]
[PlyCount "67"]
[EventDate "1991.??.??"]
[EventType "swiss"]
[EventRounds "11"]
[EventCountry "FRA"]
[SourceTitle "EXT 1999"]
[Source "ChessBase"]
[SourceDate "1998.11.16"]
[SourceVersion "1"]
[SourceVersionDate "1998.11.16"]
[SourceQuality "1"]

1. Nf3 Nf6 2. c4 g6 3. Nc3 Bg7 4. e4 d6 5. d4 0-0 6. Be2 e5 7. 0-0 Nc6 8. d5 Ne7 9. Bg5 Nd7 10. Ne1 f6 11. Bd2 f5 12. Nd3 Nf6 13. f3 h5 14. c5 f4 15. cxd6 cxd6 16. Nf2 g5 17. h3 Kh8 18. Rc1 Neg8 19. Nb5 Rf7 20. Qb3 Bf8 21. Rc3 Nh6 22. Rfc1 Bd7 23. Nc7 Rb8 24. Ne6 Bxe6 25. dxe6 Re7 26. Bc4 g4 27. hxg4 hxg4 28. fxg4 Nhxg4 29. Rh3+ Kg8 30. Nxg4 Nxg4 31. Be1 b5 32. Qf3 bxc4 33. Qxg4+ Rg7 34. Qh5 1-0

[Event "FRA-ch Accession"]
[Site "Montpellier"]
[Date "1991.??.??"]
[Round "3"]
[White "Thiriet, Benoit"]
[Black "Daillet, Emmanuel"]
[Result "0-1"]
[WhiteElo "2080"]
[BlackElo "2295"]
[PlyCount "82"]
[EventDate "1991.??.??"]
[EventType "swiss"]
[EventRounds "11"]
[EventCountry "FRA"]
[SourceTitle "EXT 1999"]
[Source "ChessBase"]
[SourceDate "1998.11.16"]
[SourceVersion "1"]
[SourceVersionDate "1998.11.16"]
[SourceQuality "1"]

1. e4 Nc6 2. Nf3 e5 3. Bb5 f5 4. Nc3 fxe4 5. Nxe4 d5 6. Nxe5 dxe4 7. Nxc6 Qg5 8. Qe2 Nf6 9. f4 Qxf4 10. d4 Qd6 11. Nxa7+ c6 12. Nxc8 Qb4+ 13. c3 Qxb5 14. Qxb5 cxb5 15. 0-0 Rxc8 16. Bg5 Be7 17. a3 Kd7 18. Rae1 Rhe8 19. Rf5 Kc6 20. Re5 h6 21. Bxf6 Bxf6 22. R5xe4 Rxe4 23. Rxe4 Kd5 24. Rf4 b6 25. Kf2 Re8 26. g3 Kc4 27. Rf5 Re6 28. h4 g6 29. Rf4 h5 30. Kg2 Be7 31. Kh3 Bd6 32. Rf3 Kd5 33. b3 Ke4 34. Rf1 Kd3 35. Rf3+ Re3 36. Rf6 Bxg3 37. Rxg6 Bc7+ 38. Kg2 Ke2 39. Rc6 Rg3+ 40. Kh1 Bf4 41. Rf6 Rg4 0-1